The diary of a young girl

محفوظ في:
التفاصيل البيبلوغرافية
المؤلف الرئيسي: Frank, Anne
التنسيق: كتاب
اللغة:Undetermined
منشور في: New York Doubleday 1995
الموضوعات:
الوسوم: إضافة وسم
لا توجد وسوم, كن أول من يضع وسما على هذه التسجيلة!
Thư viện lưu trữ: Trung tâm Học liệu Trường Đại học Cần Thơ
LEADER 00484nam a2200193Ia 4500
001 CTU_29098
008 210402s9999 xx 000 0 und d
082 |a 833.914 
082 |b F828/1995 
100 |a Frank, Anne 
245 4 |a The diary of a young girl 
245 0 |c Anne Frank 
260 |a New York 
260 |b Doubleday 
260 |c 1995 
650 |a German fiction 
650 |y 20th century 
904 |i Minh 
980 |a Trung tâm Học liệu Trường Đại học Cần Thơ